000 00303nam a22001337a 4500
008 170921b xxu||||| |||| 00| 0 eng d
020 _a082039509839
041 _aeng
080 _a78
100 _a45
101 _aMUZ
245 _aMUSICIANSHIP THE DIGITALE AGE
_cEDSTROM.B
942 _2udc
_cBK
999 _c28850
_d28850